| 000 | 00366nam a22001457a 4500 | ||
|---|---|---|---|
| 020 | _a978-93-83330-11-9 | ||
| 082 |
_a920 _bGOD/L |
||
| 100 | _aGODBOLE, ROHINI | ||
| 245 | _aLEELAVATIYUDE PENMAKKAL | ||
| 260 |
_aTHRISSUR _bKERALA SASTHRA SAHITHYA PARISHAD _c2013 |
||
| 300 | _a447 | ||
| 520 | _aABOUT LADY SCIENTISTS | ||
| 650 | _aABOUT LADY SCIENTISTS | ||
| 942 | _cBK | ||
| 999 |
_c5548 _d5548 |
||